| 000 | 01963nab a2200289 a 4500 | ||
|---|---|---|---|
| 005 | 20210219163607.0 | ||
| 008 | 991125s1985 mx 000 0 spa u | ||
| 024 | 3 | _aDOI: 10.17141/iconos.60.2018.2630 | |
| 035 | _aUPN01000225636 | ||
| 049 | _aART | ||
| 100 | 1 | _aBlázquez, Gustavo | |
| 100 | 1 | _aLiarte Tiloca, Agustín | |
| 222 | 0 | _aICONOS : REVISTA DE CIENCIAS SOCIALES | |
| 245 | 0 | 0 |
_aDe salidas y derivas : _bAnthropological Groove y “la noche” como espacio etnográfico |
| 260 | _aQuito, Ecuador | ||
| 300 | _a193-216 | ||
| 362 | 0 | _a2018 Número 60 | |
| 520 | 3 | _aEste artículo indaga las cuestiones epistemológicas, metodológicas y éticas de prácticas de investigación etnográfica focalizadas en encuentros festivos nocturnos relacionados con música, baile y erotismo en la ciudad de Córdoba, Argentina. En primer lugar, se analizan los sentidos de “la noche” para los sujetos y se describe la diversidad de “noches” que la conforman. Luego, se recupera el procedimiento de la deriva situacionista para el trabajo de campo. Posteriormente, y a partir de algunas viñetas etnográficas, se reflexiona sobre las posibilidades y límites de la “observación participante” en situaciones que involucran gran exposición corporal y experimentación sensorial, algunas veces de carácter ilegal. Por último, el artículo se pregunta por el Anthropological Blues que según Roberto Da Matta caracterizaría al oficio del etnólogo y propone la construcción de un Anthropological Groove capaz de producir conocimiento a partir de la inmersión en el fluir de las situaciones que forman parte de derivas etnográficas | |
| 653 | 0 | _aNOCHE | |
| 653 | 0 | _aENCUENTROS FESTIVOS NOCTURNOS | |
| 653 | 0 | _aEROTISMO | |
| 653 | 0 | _aCUERPO | |
| 653 | 0 | _aCORDOBA, ARGENTINA | |
| 856 | 4 | _uhttp://www.redalyc.org/jatsRepo/509/50954734010/html/index.html | |
| 856 | 4 | _uhttps://dialnet.unirioja.es/ejemplar/476408 | |
| 905 | _aArticulo | ||
| 999 |
_c197732 _d197732 |
||